| 000 | 00000nam 2200000za 4500 |
| 001 | 9.577859 |
| 003 | CaOODSP |
| 005 | 20210624185819 |
| 007 | cr ||||||||||| |
| 008 | 150406e198010##xxc|||||o f|0| 0 eng d |
| 022 | |a1488-5387 |
| 040 | |aCaOODSP|beng |
| 043 | |an-cn--- |
| 086 | 1 |aFs97-4/1593E-PDF |
| 100 | 1 |aSharp, G. L. |
| 245 | 14|aThe impact of Chondrus dragraking on substrate stability in southwestern Nova Scotia |h[electronic resource] / |cby G.J. Sharp and D.L. Roddick. |
| 260 | |aHalifax - Nova Scotia : |bFisheries and Oceans Canada |cOctober 1980. |
| 300 | |a22p.|bfig., maps, references, tables |
| 490 | 1 |aCanadian manuscript report of fisheries and aquatic sciences|x1488-5387|vNo. 1593 |
| 500 | |aThe catalogue number (Fs97-4/1593) and ISSN (0706-6473) for the print edition have been incorrectly copied in this electronic publication. |
| 500 | |aAlso published as CAFSAC research document 80/69 (see Fs70-8/80-69E-PDF). |
| 546 | |a(Résumés en français) |
| 590 | |a13-25-Supp|b2013-10-28 |
| 690 | 07|aFisheries technology|2gcpds |
| 690 | 07|aHydrography|2gcpds |
| 700 | 1 |aRoddick, D. L. |
| 710 | 1 |aCanada. |bDepartment of Fisheries and Oceans. |
| 830 | #0|aCanadian manuscript report of fisheries and aquatic sciences,|x1488-5387|vNo. 1593|w(CaOODSP)9.505211 |
| 856 | 40|ahttp://publications.gc.ca|qPDF|s1.89 MB|uhttps://publications.gc.ca/collections/collection_2013/mpo-dfo/Fs97-4-1593-eng.pdf|yNo. 1593 |